Building Construction (Record no. 31144)
[ view plain ]
| 000 -LEADER | |
|---|---|
| fixed length control field | 00385nam a22001697a 4500 |
| 003 - CONTROL NUMBER IDENTIFIER | |
| control field | OSt |
| 005 - DATE AND TIME OF LATEST TRANSACTION | |
| control field | 20220222092404.0 |
| 008 - FIXED-LENGTH DATA ELEMENTS--GENERAL INFORMATION | |
| fixed length control field | 220222b |||||||| |||| 00| 0 eng d |
| 020 ## - INTERNATIONAL STANDARD BOOK NUMBER | |
| International Standard Book Number | 9788131804285 |
| 040 ## - CATALOGING SOURCE | |
| Transcribing agency | H.U |
| 082 ## - DEWEY DECIMAL CLASSIFICATION NUMBER | |
| Classification number | 690.023 |
| 100 ## - MAIN ENTRY--PERSONAL NAME | |
| Personal name | Punmia |
| 9 (RLIN) | 13525 |
| 245 ## - TITLE STATEMENT | |
| Title | Building Construction |
| 250 ## - EDITION STATEMENT | |
| Edition statement | 10th |
| 260 ## - PUBLICATION, DISTRIBUTION, ETC. | |
| Place of publication, distribution, etc. | New Delhi |
| Name of publisher, distributor, etc. | Laxmi |
| Date of publication, distribution, etc. | 2008 |
| 942 ## - ADDED ENTRY ELEMENTS (KOHA) | |
| Source of classification or shelving scheme | Dewey Decimal Classification |
| Koha item type | Books like text book referance book |
| Suppress in OPAC | No |
| Withdrawn status | Lost status | Source of classification or shelving scheme | Damaged status | Not for loan | Home library | Current library | Shelving location | Date acquired | Total Checkouts | Full call number | Barcode | Date last seen | Copy number | Price effective from | Koha item type |
|---|---|---|---|---|---|---|---|---|---|---|---|---|---|---|---|
| Dewey Decimal Classification | IoT Library | IoT Library | General Stacks | 02/22/2022 | 690.023/PUN/2008 | IOTL0015121 | 02/22/2022 | 1 | 02/22/2022 | Books like text book referance book | |||||
| Dewey Decimal Classification | IoT Library | IoT Library | General Stacks | 02/22/2022 | 690.023/PUN/2008 | IOTL0015122 | 02/22/2022 | 2 | 02/22/2022 | Books like text book referance book | |||||
| Dewey Decimal Classification | IoT Library | IoT Library | General Stacks | 02/22/2022 | 690.023/PUN/2008 | IOTL0015123 | 02/22/2022 | 3 | 02/22/2022 | Books like text book referance book | |||||
| Dewey Decimal Classification | IoT Library | IoT Library | General Stacks | 02/22/2022 | 690.023/PUN/2008 | IOTL0015124 | 02/22/2022 | 4 | 02/22/2022 | Books like text book referance book | |||||
| Dewey Decimal Classification | IoT Library | IoT Library | General Stacks | 02/22/2022 | 690.023/PUN/2008 | IOTL0015125 | 02/22/2022 | 5 | 02/22/2022 | Books like text book referance book | |||||
| Dewey Decimal Classification | IoT Library | IoT Library | General Stacks | 02/22/2022 | 690.023/PUN/2008 | IOTL0015126 | 02/22/2022 | 6 | 02/22/2022 | Books like text book referance book | |||||
| Dewey Decimal Classification | IoT Library | IoT Library | General Stacks | 11/21/2022 | 690.023/PUN/2008 | IOTL0021662 | 11/21/2022 | 7 | 11/21/2022 | Books like text book referance book | |||||
| Dewey Decimal Classification | IoT Library | IoT Library | General Stacks | 11/21/2022 | 690.023/PUN/2008 | IOTL0021663 | 11/21/2022 | 8 | 11/21/2022 | Books like text book referance book | |||||
| Dewey Decimal Classification | IoT Library | IoT Library | General Stacks | 11/21/2022 | 690.023/PUN/2008 | IOTL0021664 | 11/21/2022 | 9 | 11/21/2022 | Books like text book referance book | |||||
| Dewey Decimal Classification | IoT Library | IoT Library | General Stacks | 11/21/2022 | 690.023/PUN/2008 | IOTL0021665 | 11/21/2022 | 10 | 11/21/2022 | Books like text book referance book |